00831nam a22002417a 450000500170000001000130001702000100003003500130004003700160005304000120006908200160008110000320009724500770012926000620020627000320026830000310030050000200033165000320035165000370038394200250042099900190044595201250046420170124110159.0 aA-550274 c75.00 aA-550274 bCen Lib/Ret aDPLbEN a181.45bLOK aLokeswarananda Swami935766 aThe way to God as taught by Sri Ramakrishna /cby Lokeswarananda Swami aCalcuttabRamakrishana Mission Institute of Culturec1992 aGol Park bCalcuttae700029 axv,457p. :c20cm(Hb)bill. aIncludes index aRamakrishna Mission.935767 aRamakrishna, -- 1836-1886935768 2ddccENh181.45mLOK c132798d132798 00104070aLbLd2015-07-23eCen Lib/Retg75.00l0o181.45 LOKpA-550274r2015-07-23 00:00:00t1v75.00w2015-07-23yEN